Most expensive football transfers - Centre-Backs - 2014-2015 Season - Statistics

General Stats
  • This quiz has been taken 14 times
  • The average score is 7 of 10
Answer Stats
Fee (M €) Nationality Left Joined Player % Correct
49,50 Brazil Chelsea Paris SG David Luiz
100%
25,30 Croatia Southampton Liverpool Dejan Lovren
79%
45,00 France FC Porto Manchester City Eliaquim Mangala
79%
28,00 Morocco AS Roma Bayern Munich Medhi Benatia
71%
19,00 Belgium Arsenal Barcelona Thomas Vermaelen
71%
17,50 Netherlands Ajax Manchester United Daley Blind
64%
15,00 Greece Olympiacos AS Roma Konstantinos Manolas
64%
20,00 Argentina Sporting CP Manchester United Marcos Rojo
64%
20,23 England Southampton Arsenal Calum Chambers
57%
15,00 Brazil Villarreal Arsenal Gabriel Paulista
57%
No matching quizzes found
Score Distribution
Percent of People with Each Score
Percentile by Number Answered
Your Score History
You have not taken this quiz